000 00899nam0a22002651 4500
001 RU\INFOCOMM_318\NLR\5000081341
005 20250613104442.0
035 _a(NLR Aleph) 009504701
090 _a8727943
_c8727943
100 _a20121203d1979 |||y0rusy50 ca
101 0 _aeng
102 _aRU
105 _ay z |||||
200 1 _aISTIS normative technical documents (ISTIS NTD)
_fIntern. centre for sci. a. techn. inform. (ICSTI)
210 _aM.
_cIntern. centre for sci. a. techn. inform.
_d1979
215 _a275 с.
_d29 см
606 0 _aТехническая документация
_91456340
_3RU\NLR\AUTH\66617519
620 _aМосква
686 _aЖ.я86
_2rubbk
712 0 2 _aInternational centre for scientific and technical information
_cMoscow
_4570
801 1 _aRU
_bNLR
_c20121203
801 0 _aRU
_bINFOCOMM
_gPSBO
852 _aNLR
_jПт 11.1/58
942 _cBOOK
980 _aNB